Elementary partial differential equations / (Record no. 1471)
[ view plain ]
| 000 -LEADER | |
|---|---|
| fixed length control field | 00594cam a2200181 4500 |
| 001 - CONTROL NUMBER | |
| control field | 1910 |
| 005 - DATE AND TIME OF LATEST TRANSACTION | |
| control field | 20181127164218.0 |
| 008 - FIXED-LENGTH DATA ELEMENTS--GENERAL INFORMATION | |
| fixed length control field | 760727s1966 caua 001 0 eng |
| 010 ## - LIBRARY OF CONGRESS CONTROL NUMBER | |
| LC control number | 66028845 |
| 100 1# - MAIN ENTRY--PERSONAL NAME | |
| Personal name | Berg, Paul W. |
| 245 10 - TITLE STATEMENT | |
| Title | Elementary partial differential equations / |
| Statement of responsibility, etc. | Paul W. Berg. |
| 260 ## - PUBLICATION, DISTRIBUTION, ETC. | |
| Place of publication, distribution, etc. | San Francisco : |
| Name of publisher, distributor, etc. | Holden-Day, |
| Date of publication, distribution, etc. | 1966. |
| 300 ## - PHYSICAL DESCRIPTION | |
| Extent | xv, 421 p. : |
| Other physical details | ill. ; |
| Dimensions | 24 cm. |
| 490 0# - SERIES STATEMENT | |
| Series statement | Holden-Day series in mathematics |
| 650 #0 - SUBJECT ADDED ENTRY--TOPICAL TERM | |
| Topical term or geographic name entry element | Differential equations, Partial. |
| 700 ## - ADDED ENTRY--PERSONAL NAME | |
| Personal name | James L. McGregor. |
| Numeration | |
| Titles and other words associated with a name | |
| Dates associated with a name | |
| Relator term | |
| Form subheading | |
| Language of a work | |
| Medium of performance for music | |
| Number of part/section of a work | |
| Arranged statement for music | |
| Name of part/section of a work | |
| Fuller form of name | |
| Key for music | |
| Version | |
| Title of a work | |
| Personal name | McGregor, James L., |
| Relator term | joint author. |
| Withdrawn status | Lost status | Source of classification or shelving scheme | Damaged status | Not for loan | Collection code | Home library | Current library | Shelving location | Serial Enumeration / chronology | Inventory number | Total Checkouts | Full call number | Barcode | Date last seen | Price effective from | Koha item type |
|---|---|---|---|---|---|---|---|---|---|---|---|---|---|---|---|---|
| Dewey Decimal Classification | Main TEST | RTC Library | RTC Library | Main opac | 932 | 515.35 BER | 30003351 | 27/11/2018 | 27/11/2018 | Main |